000 00362nam a2200157Ia 4500
008 210210b1967 xxu||||| |||| 00| 0 eng d
041 _aeng
082 _a822/634
100 _aKAUL (B M Lt Gen)
245 _aUntold story
260 _aBombay
_bAllied Publishers
_c1967
650 _aUntold
650 _astory
690 _aEnglish Prose
906 _a012820
999 _c131642
_d131642